<?xml version="1.0" encoding="UTF-8"?>
<record
    xmlns:xsi="http://www.w3.org/2001/XMLSchema-instance"
    xsi:schemaLocation="http://www.loc.gov/MARC21/slim http://www.loc.gov/standards/marcxml/schema/MARC21slim.xsd"
    xmlns="http://www.loc.gov/MARC21/slim">

  <leader>03436nam a2200421Ia 4500</leader>
  <controlfield tag="003">OSt</controlfield>
  <controlfield tag="005">20260614144733.0</controlfield>
  <controlfield tag="008">  2310s2022    ua a   frm      000 0 und d</controlfield>
  <datafield tag="040" ind1=" " ind2=" ">
    <subfield code="a">EG-EULC</subfield>
    <subfield code="b">eng</subfield>
    <subfield code="c">EG-EULC</subfield>
    <subfield code="d">EG-EULC</subfield>
    <subfield code="e">rda</subfield>
  </datafield>
  <datafield tag="041" ind1="0" ind2=" ">
    <subfield code="a">eng</subfield>
    <subfield code="b">eng</subfield>
    <subfield code="b">ara</subfield>
  </datafield>
  <datafield tag="049" ind1=" " ind2=" ">
    <subfield code="a">Deposit</subfield>
  </datafield>
  <datafield tag="082" ind1=" " ind2=" ">
    <subfield code="a">624.1</subfield>
  </datafield>
  <datafield tag="092" ind1=" " ind2=" ">
    <subfield code="a">624.1</subfield>
    <subfield code="2">21</subfield>
  </datafield>
  <datafield tag="097" ind1=" " ind2=" ">
    <subfield code="a">Ph.D</subfield>
  </datafield>
  <datafield tag="099" ind1=" " ind2=" ">
    <subfield code="a">Cai01.13.05.Ph.D.2022.EL.B</subfield>
  </datafield>
  <datafield tag="100" ind1=" " ind2=" ">
    <subfield code="a">ELSAYED MOHAMMED ELSAYED ELSHEIKH,</subfield>
    <subfield code="e">preparation.</subfield>
  </datafield>
  <datafield tag="245" ind1=" " ind2=" ">
    <subfield code="a">BOUNDARY ELEMENT FORMULATIONS FOR STRUCTURAL DYNAMICS /</subfield>
    <subfield code="c">by ELSAYED MOHAMMED ELSAYED ELSHEIKHP ; Supervised Pro.Dr. Youssef Fawzy Rashed, Prof.Dr. Nayer A. El-Esnawy.</subfield>
  </datafield>
  <datafield tag="246" ind1=" " ind2=" ">
    <subfield code="a">&#x635;&#x64A;&#x63A; &#x627;&#x644;&#x639;&#x646;&#x627;&#x635;&#x631; &#x627;&#x644;&#x62D;&#x62F;&#x64A;&#x629; &#x644;&#x644;&#x62F;&#x64A;&#x646;&#x627;&#x645;&#x64A;&#x643;&#x627; &#x627;&#x644;&#x647;&#x64A;&#x643;&#x644;&#x64A;&#x629; </subfield>
  </datafield>
  <datafield tag="264" ind1=" " ind2="0">
    <subfield code="c">2022.</subfield>
  </datafield>
  <datafield tag="300" ind1=" " ind2=" ">
    <subfield code="a">91 p. :</subfield>
    <subfield code="b">illustrations </subfield>
    <subfield code="c">30cm+</subfield>
    <subfield code="e">CD</subfield>
  </datafield>
  <datafield tag="336" ind1=" " ind2=" ">
    <subfield code="2">rda content</subfield>
    <subfield code="a">text</subfield>
  </datafield>
  <datafield tag="337" ind1=" " ind2=" ">
    <subfield code="2">rdamedia</subfield>
    <subfield code="a">Unmediated</subfield>
  </datafield>
  <datafield tag="338" ind1=" " ind2=" ">
    <subfield code="2">rdacarrier</subfield>
    <subfield code="a">volume</subfield>
  </datafield>
  <datafield tag="502" ind1=" " ind2=" ">
    <subfield code="a">Thesis (Ph.D)-Cairo Univsersity,2022.</subfield>
  </datafield>
  <datafield tag="504" ind1=" " ind2=" ">
    <subfield code="a">Bibliography: p. 82-86.</subfield>
  </datafield>
  <datafield tag="520" ind1=" " ind2="3">
    <subfield code="a">This thesis presents new formulations for structure dynamics using the boundary element method and divided into two main topics. The first topic presents a new efficient finite element for dynamic analysis of plane elasticity and for plate bending problems. This new element is based on the use of a relevant fundamental solution as a trial function. In the second topic, formulations for the dynamic analysis of elasticity problems using the indirect boundary element method are presented. The transformation of the domain integrals to the boundary is done using the dual reciprocity methods (DRM).</subfield>
  </datafield>
  <datafield tag="520" ind1=" " ind2="3">
    <subfield code="a">&#x62A;&#x642;&#x62F;&#x645; &#x627;&#x644;&#x631;&#x633;&#x627;&#x644;&#x629; &#x635;&#x64A;&#x63A; &#x62C;&#x62F;&#x64A;&#x62F;&#x629; &#x644;&#x62F;&#x64A;&#x646;&#x627;&#x645;&#x64A;&#x643;&#x627; &#x627;&#x644;&#x625;&#x646;&#x634;&#x627;&#x621;&#x627;&#x62A; &#x628;&#x627;&#x633;&#x62A;&#x62E;&#x62F;&#x627;&#x645; &#x637;&#x631;&#x64A;&#x642;&#x629; &#x627;&#x644;&#x639;&#x646;&#x627;&#x635;&#x631; &#x627;&#x644;&#x62D;&#x62F;&#x648;&#x62F;&#x64A;&#x629; &#x648;&#x62A;&#x646;&#x642;&#x633;&#x645; &#x627;&#x644;&#x631;&#x633;&#x627;&#x644;&#x629; &#x627;&#x644;&#x64A; &#x62C;&#x632;&#x626;&#x64A;&#x646;:&#x627;&#x644;&#x62C;&#x632;&#x621; &#x627;&#x644;&#x623;&#x648;&#x644;: &#x62A;&#x645; &#x62A;&#x637;&#x648;&#x64A;&#x631; &#x639;&#x646;&#x635;&#x631; &#x645;&#x62D;&#x62F;&#x648;&#x62F; &#x62C;&#x62F;&#x64A;&#x62F; &#x644;&#x644;&#x627;&#x633;&#x62A;&#x62E;&#x62F;&#x627;&#x645; &#x641;&#x64A; &#x627;&#x644;&#x62A;&#x62D;&#x644;&#x64A;&#x644; &#x627;&#x644;&#x62F;&#x64A;&#x646;&#x627;&#x645;&#x64A;&#x643;&#x64A; &#x644;&#x645;&#x633;&#x627;&#x626;&#x644; &#x627;&#x644;&#x645;&#x631;&#x648;&#x646;&#x629; &#x648;&#x623;&#x644;&#x648;&#x627;&#x62D; &#x627;&#x644;&#x627;&#x646;&#x62D;&#x646;&#x627;&#x621;. &#x647;&#x630;&#x627; &#x627;&#x644;&#x639;&#x646;&#x635;&#x631; &#x627;&#x644;&#x62C;&#x62F;&#x64A;&#x62F; &#x645;&#x628;&#x646;&#x64A; &#x639;&#x644;&#x649; &#x627;&#x644;&#x62D;&#x644; &#x627;&#x644;&#x623;&#x635;&#x644;&#x64A; &#x644;&#x644;&#x645;&#x633;&#x627;&#x644;&#x629; &#x643;&#x62F;&#x627;&#x644;&#x629; &#x62A;&#x62C;&#x631;&#x64A;&#x628;&#x64A;&#x629; &#x648;&#x62A;&#x643;&#x648;&#x64A;&#x646; &#x645;&#x635;&#x641;&#x648;&#x641;&#x629; &#x62C;&#x633;&#x627;&#x621;&#x629; &#x62C;&#x62F;&#x64A;&#x62F;&#x629; &#x644;&#x647;&#x630;&#x627; &#x627;&#x644;&#x639;&#x646;&#x635;&#x631;. &#x62A;&#x645; &#x62A;&#x643;&#x648;&#x64A;&#x646; &#x645;&#x635;&#x641;&#x648;&#x641;&#x629; &#x627;&#x644;&#x643;&#x62A;&#x644;&#x629; &#x627;&#x644;&#x645;&#x642;&#x627;&#x628;&#x644;&#x629; &#x644;&#x647;&#x630;&#x627; &#x627;&#x644;&#x639;&#x646;&#x635;&#x631; &#x628;&#x627;&#x633;&#x62A;&#x62E;&#x62F;&#x627;&#x645; &#x637;&#x631;&#x64A;&#x642;&#x629; &#x627;&#x644;&#x639;&#x646;&#x627;&#x635;&#x631; &#x627;&#x644;&#x645;&#x62D;&#x62F;&#x648;&#x62F;&#x629; &#x627;&#x644;&#x62A;&#x642;&#x644;&#x64A;&#x62F;&#x64A;&#x629; &#x648;&#x62A;&#x645; &#x627;&#x62E;&#x62A;&#x628;&#x627;&#x631; &#x647;&#x630;&#x627; &#x627;&#x644;&#x639;&#x646;&#x635;&#x631; &#x644;&#x644;&#x645;&#x633;&#x627;&#x626;&#x644; &#x627;&#x644;&#x639;&#x645;&#x644;&#x64A;&#x629; &#x627;&#x644;&#x645;&#x639;&#x642;&#x62F;&#x629;. &#x627;&#x644;&#x62C;&#x632;&#x621; &#x627;&#x644;&#x62B;&#x627;&#x646;&#x64A;: &#x62A;&#x645; &#x627;&#x633;&#x62A;&#x646;&#x628;&#x627;&#x637; &#x635;&#x64A;&#x63A; &#x644;&#x62F;&#x64A;&#x646;&#x627;&#x645;&#x64A;&#x643;&#x627; &#x627;&#x644;&#x627;&#x646;&#x634;&#x627;&#x621;&#x627;&#x62A; &#x627;&#x644;&#x62E;&#x627;&#x635;&#x629; &#x628;&#x645;&#x633;&#x627;&#x626;&#x644; &#x627;&#x644;&#x645;&#x631;&#x648;&#x646;&#x629; &#x648;&#x630;&#x644;&#x643; &#x628;&#x627;&#x633;&#x62A;&#x62E;&#x62F;&#x627;&#x645; &#x637;&#x631;&#x64A;&#x642;&#x629; &#x627;&#x644;&#x639;&#x646;&#x627;&#x635;&#x631; &#x627;&#x644;&#x62D;&#x62F;&#x648;&#x62F;&#x64A;&#x629; &#x627;&#x644;&#x63A;&#x64A;&#x631; &#x645;&#x628;&#x627;&#x634;&#x631;&#x629;. &#x62A;&#x645; &#x646;&#x642;&#x644; &#x627;&#x644;&#x62A;&#x643;&#x627;&#x645;&#x644; &#x627;&#x644;&#x645;&#x648;&#x62C;&#x648;&#x62F; &#x62F;&#x627;&#x62E;&#x644; &#x627;&#x644;&#x645;&#x633;&#x623;&#x644;&#x629; &#x627;&#x644;&#x649; &#x627;&#x644;&#x62D;&#x62F;&#x648;&#x62F; &#x627;&#x644;&#x62E;&#x627;&#x631;&#x62C;&#x64A;&#x629; &#x644;&#x647;&#x627; &#x648;&#x630;&#x644;&#x643; &#x628;&#x627;&#x633;&#x62A;&#x62E;&#x62F;&#x627;&#x645; &#x637;&#x631;&#x64A;&#x642;&#x629; &#x627;&#x644;&#x62A;&#x628;&#x627;&#x62F;&#x644; &#x627;&#x644;&#x62B;&#x646;&#x627;&#x626;&#x64A;&#x629;. &#x62A;&#x645; &#x627;&#x62E;&#x62A;&#x628;&#x627;&#x631; &#x647;&#x630;&#x627; &#x627;&#x644;&#x627;&#x633;&#x62A;&#x646;&#x628;&#x627;&#x637; &#x644;&#x645;&#x633;&#x627;&#x626;&#x644; &#x639;&#x62F;&#x62F;&#x64A;&#x629; &#x645;&#x62E;&#x62A;&#x644;&#x641;&#x629;.</subfield>
  </datafield>
  <datafield tag="530" ind1=" " ind2=" ">
    <subfield code="a">Issues also as CD.</subfield>
  </datafield>
  <datafield tag="546" ind1=" " ind2=" ">
    <subfield code="a">Text in English and abstract in Arabic &amp; English.</subfield>
  </datafield>
  <datafield tag="650" ind1=" " ind2=" ">
    <subfield code="a">Boundary element</subfield>
  </datafield>
  <datafield tag="653" ind1=" " ind2=" ">
    <subfield code="a">Plate bending)</subfield>
  </datafield>
  <datafield tag="700" ind1=" " ind2=" ">
    <subfield code="a">Youssef Fawzy Rashed</subfield>
    <subfield code="e">thesis advisor.</subfield>
  </datafield>
  <datafield tag="700" ind1=" " ind2=" ">
    <subfield code="a">Nayer A. El-Esnawy.</subfield>
    <subfield code="e">thesis advisor.</subfield>
  </datafield>
  <datafield tag="900" ind1=" " ind2=" ">
    <subfield code="b">01-01-2022</subfield>
    <subfield code="c">Youssef Fawzy Rashed, Prof.Dr. </subfield>
    <subfield code="c">Nayer A. El-Esnawy.</subfield>
    <subfield code="U">Cairo University</subfield>
    <subfield code="F">FACULTY OF ENGINEERING</subfield>
    <subfield code="D">Department of Structural Engineering</subfield>
  </datafield>
  <datafield tag="905" ind1=" " ind2=" ">
    <subfield code="a">Shimaa</subfield>
  </datafield>
  <datafield tag="942" ind1=" " ind2=" ">
    <subfield code="c">TH</subfield>
    <subfield code="2">ddc</subfield>
  </datafield>
  <datafield tag="999" ind1=" " ind2=" ">
    <subfield code="c">163719</subfield>
  </datafield>
  <datafield tag="952" ind1=" " ind2=" ">
    <subfield code="2">ddc</subfield>
    <subfield code="9">295363</subfield>
    <subfield code="a">CUCL</subfield>
    <subfield code="b">cl210</subfield>
    <subfield code="d">2024-02-11</subfield>
    <subfield code="i">85793</subfield>
    <subfield code="o">Cai01.13.05.Ph.D. 2022.EL.B</subfield>
    <subfield code="p">01010110085793000</subfield>
    <subfield code="r">2023-10-30 00:00:00</subfield>
    <subfield code="w">2023-10-30</subfield>
    <subfield code="y">TH</subfield>
  </datafield>
</record>
